Southville International School and Colleges
Your cart is empty.
  • Cart
  • Lists
    Public lists Eva Luna New books Lux_list list_1
    Your lists Log in to create your own lists
  • Log in to your account
  • Your cookies
  • Search history
Southville International School and Colleges
  • Advanced search
  • Recent comments
  • Most popular
  • Libraries

Log in to your account

Log in with GOOGLE


If you do not have an external account, but do have a local account, you can still log in:

  1. Home
  2. MARC view: Business english & correspondence /
Normal view MARC view ISBD view

Business english & correspondence / (Record no. 293482)

[ view plain ]
MARC details
000 -LEADER
fixed length control field 00736nam a2200253Ia 4500
003 - CONTROL NUMBER IDENTIFIER
control field SMC
005 - DATE AND TIME OF LATEST TRANSACTION
control field 20170202141632.0
008 - FIXED-LENGTH DATA ELEMENTS--GENERAL INFORMATION
fixed length control field 160418s9999 xx 000 0 und d
020 ## - INTERNATIONAL STANDARD BOOK NUMBER
International Standard Book Number 971-08-6104-2
050 ## - LIBRARY OF CONGRESS CALL NUMBER
Classification number FIL PE 1115
050 ## - LIBRARY OF CONGRESS CALL NUMBER
Item number .B87 2007 c.1
245 ## - TITLE STATEMENT
Title Business english & correspondence /
245 ## - TITLE STATEMENT
Statement of responsibility, etc Fe O. Aquino… [et al]
260 ## - PUBLICATION, DISTRIBUTION, ETC. (IMPRINT)
Place of publication, distribution, etc Mandaluyong:
260 ## - PUBLICATION, DISTRIBUTION, ETC. (IMPRINT)
Name of publisher, distributor, etc National Book Store.
260 ## - PUBLICATION, DISTRIBUTION, ETC. (IMPRINT)
Date of publication, distribution, etc 2007
300 ## - PHYSICAL DESCRIPTION
Extent 227 pages :
300 ## - PHYSICAL DESCRIPTION
Other physical details illustrations ;
300 ## - PHYSICAL DESCRIPTION
Dimensions 22 cm.
500 ## - GENERAL NOTE
General note Includes bibliographical references.
650 ## - SUBJECT ADDED ENTRY--TOPICAL TERM
Topical term or geographic name as entry element English language -- Business English -- Problems, exercises, etc.
650 ## - SUBJECT ADDED ENTRY--TOPICAL TERM
General subdivision Commercial correspondence -- Problems, exercises, etc.
942 ## - ADDED ENTRY ELEMENTS (KOHA)
Source of classification or shelving scheme Library of Congress Classification
Koha item type Books
Holdings
Withdrawn status Lost status Source of classification or shelving scheme Damaged status Home library Current library Shelving location Date acquired Source of acquisition Total Checkouts Full call number Barcode Date last seen Koha item type
    Library of Congress Classification   South Mansfield College South Mansfield College   01/10/2008 Donation   FIL PE 1115 .B87 2007 c1 SMC04128 04/18/2016 Books

Business english & correspondence /

APA

Business english & correspondence. Mandaluyong: .

Chicago

Business english & correspondence. Mandaluyong: .

Harvard

Business english & correspondence. Mandaluyong: .

MLA

Mandaluyong: . .

  • Place hold
  • Print
  • Cite
  • Add to your cart (remove)
  • Save record
    BIBTEX Dublin Core MARCXML MARC (non-Unicode/MARC-8) MARC (Unicode/UTF-8) MARC (Unicode/UTF-8, Standard) MODS (XML) RIS
  • More searches
    Search for this title in:
    Other Libraries (WorldCat) Other Databases (Google Scholar) Online Stores (Bookfinder.com) Open Library (openlibrary.org)

Exporting to Dublin Core...

SOUTHVILLE LIBRARY

Southville International School and Colleges Library

1281 Tropical Ave. Cor. Luxembourg St., BF Homes International, Las Pinas City

Tel. No. 8256374 / 252358 Loc. 117/146

Powered by Koha